000 00312nam a22001217a 4500
020 _axxxxxxxxxx
082 _aREF 330.96780212 TAN
245 _aTanzania:The Economic Survey 1971-72
260 _aDar es Salaam
_bGovernment printer
_c1971
300 _av,139p
_bill.;23cm
500 _aIncludes index
942 _cBK
999 _c13471
_d13471